000 00975nam a22001697a 4500
999 _c59626
_d59626
005 20230323153931.0
008 230323c2022 ge ||||| |||| 00| 0 geo d
022 _a1512-083x
041 _ageo
245 _aაუდიტი. აღრიცხვა. ფინანსები :
_b# 12 (276) 2002. ყოველთვიური ჟურნალი მეწარმეებისა და ფინანსისტებისათვის /
_cგამომცემელი შპს "ააფ-მენეჯმენტი" ; მთავარი რედაქტორი გიორგი ცერცვაძე.
260 _aთბილისი,
_c2000-
300 _a52 გვ.;
_b30 სმ.
653 _aაუდიტი. აღრიცხვა. ფინანსები
653 _aპერიოდიკა
700 _aცერცვაძე, გიორგი
_eრედაქტორი
_9448
942 _2udc
_cCR